Encofrador
Gespeichert in:
| Körperschaft: | |
|---|---|
| Format: | Buch |
| Sprache: | Spanisch |
| Veröffentlicht: |
Montevideo
Cinterfor
1976
|
| Schriftenreihe: | Colecciones Básicas Cinterfor
|
| Schlagworte: | |
| Tags: |
Tag hinzufügen
Keine Tags, Fügen Sie den ersten Tag hinzu!
|
MARC
| LEADER | 00000nam a2200000 a 4500 | ||
|---|---|---|---|
| 001 | UCU7569 | ||
| 003 | CL-VaPUC | ||
| 008 | 960705e19760000UY |||||||||||||||||spa|d | ||
| 082 | 0 | 4 | |a 624.177 |b OFI |2 21 |
| 110 | 2 | |a Oficina Internacional del Trabajo |e author |9 366480 | |
| 245 | 1 | 0 | |a Encofrador |
| 300 | |a 183 p | ||
| 942 | |c BK | ||
| 945 | |d 19960705 00:00:00 |a cmena | ||
| 260 | |a Montevideo |b Cinterfor |c 1976 | ||
| 650 | 0 | |a Construcción |9 260195 | |
| 650 | 7 | |a ENCOFRADO |2 CL-VaPUC |9 267807 | |
| 650 | 0 | |a Hormigones |9 262546 | |
| 650 | 0 | |a Madera |9 262357 | |
| 650 | 0 | |a Aceros |9 260685 | |
| 650 | 7 | |a TRABAJADORES DE LA CONSTRUCCION |2 CL-VaPUC |9 364539 | |
| 583 | |a last modification |c 19960705 00:00:00 |k Rodrigo Vera | ||
| 490 | 0 | |a Colecciones Básicas Cinterfor | |
| 999 | |c 250176 |d 250174 | ||
| 952 | |0 0 |1 0 |4 0 |6 624_177000000000000_OFI_1976 |7 0 |8 A |9 268031 |a BIBING |b BIBING |d 2019-11-19 |i 1698184 |o 624.177 OFI 1976 |p 1698184 |r 2025-01-20 |w 2019-11-19 |y BK |k CCL | ||